00632 2200229 4500001002100000005001700021008004100038035002400079040001200103082001000115090001700125100001800142245007100160260003100231300002500262504003100287650002600318700001700344700001700361850001200378990001200390YOGYA-0209000001391120090227022352.0 ind  0010-020900000013911 aYOPDYOG a137.8 a137.8bSuy P aSUYANTO, Agus aPsikologi kepribadiancoleh Agus Sujanto, Halem Lubis, Taufik Hadi aJakartabAksara Baruc1980 a186 hlmbilusc21 cm aBibliografi : hlm. 185-186 aIlmu jiwa kepribadian aHadi, Taufik aLubis, Halim aYOPDYOG a14925-P